Expectations driven business cycles.

Dva tradičné kontrastné názory na fungovanie socioekonomických systémov - prehľad posledných teoretických poznatkov. Endogénne hospodárske cykly.

Guardado en:
Detalles Bibliográficos
Autor principal: Grandmont, J.-M
Formato: Capítulo de libro
Lenguaje:inglés
Materias:
Etiquetas: Agregar Etiqueta
Sin Etiquetas, Sea el primero en etiquetar este registro!

MARC

LEADER 00000naa a2200000 4500
001 r004381
005 20221130103112.7
041 0 |a eng 
044 |a NL 
245 1 0 |a Expectations driven business cycles.  |c J.-M. Grandmont 
520 |a Dva tradičné kontrastné názory na fungovanie socioekonomických systémov - prehľad posledných teoretických poznatkov. Endogénne hospodárske cykly. 
610 2 0 |a systémy ekonomické 
610 2 0 |a cykly hospodárske 
610 2 0 |a teórie ekonomické 
100 1 |a Grandmont, J.-M.